Camus, la conexión africana /
Rafael Humberto Moreno-Durán (1946-), novelista, cuentista, ensayista y abogado colombiano. Estudió Derecho y Ciencias Políticas en la Universidad Nacional de Colombia. En 1987 obtuvo el Premio Nacional de Cuento y en 1998 el Premio Nacional de Literatura. De su extensa producción destacan en el gén...
Saved in:
| Main Author: | |
|---|---|
| Format: | Book |
| Language: | Español |
| Published: |
Bogotá, Colombia :
Norma,
2003, c2003
|
| Series: | (Literatura o Muerte. Novela Negra)
|
| Subjects: | |
| Tags: |
No Tags, Be the first to tag this record!
|
MARC
| LEADER | 00000nam^a2200000^a^4500 | ||
|---|---|---|---|
| 001 | 000165240 | ||
| 005 | 20250521000000.0 | ||
| 009 | 20260310101011.458 | ||
| 020 | |a 958-04-7218-1 | ||
| 037 | |a Acervo ITESO - Biblioteca | ||
| 041 | |a ESP | ||
| 082 | |a 863. |b MOR | ||
| 100 | |a Moreno-Durán, R.H. |e (autor) | ||
| 245 | 1 | 0 | |a Camus, la conexión africana / |c R.H. Moreno-Durán. |
| 264 | 4 | |a Bogotá, Colombia : |b Norma, |c 2003, c2003 | |
| 300 | |a 222 p. | ||
| 336 | |a texto |b txt |2 rdacontenido | ||
| 337 | |a sin mediación |b n |2 rdamedio | ||
| 338 | |a volumen |b nc |2 rdasoporte | ||
| 440 | 1 | |a (Literatura o Muerte. |p Novela Negra) | |
| 520 | |a Rafael Humberto Moreno-Durán (1946-), novelista, cuentista, ensayista y abogado colombiano. Estudió Derecho y Ciencias Políticas en la Universidad Nacional de Colombia. En 1987 obtuvo el Premio Nacional de Cuento y en 1998 el Premio Nacional de Literatura. De su extensa producción destacan en el género de ensayos De la barbarie a la imaginación (1976), Taberna in fábula (1991), Denominación de origen y el Festín de los conjurados. De su obra de ficción sobresalen los volúmenes de cuentos Metropolitanas (1986), Cartas en el asunto (1995), El humor de la melancolía; y sus novelas, Los felinos del canciller, El caballero de La Invicta, Mambrú (1996), Camus, la conexión africana y la trilogía Fémina Suite, integradas por las novelas Juego de damas (1977), El toque de Diana (1981) y Finale capriccioso con maddona (1983); y son consideradas como una de las cinco novelas colombianas más importantes del siglo XX. Así mismo, es autor de Como el halcón peregrino (1995) y una minuciosa feminoteca titulada Pandora. | ||
| 649 | |a XX | ||
| 650 | |a Novela Colombiana | ||
| 650 | |a Literatura Policíaca y de Misterio - |z Colombia | ||
| 650 | |a Literatura Colombiana - |y Siglo XX | ||
| 650 | |a Camus, Albert - |x Tema Principal | ||
| 910 | |a Fondo General | ||
| 920 | |a Impresos - Libros | ||
| 930 | |a Colección General | ||
| 940 | |a Literatura | ||
| 905 | |a 101 | ||
| 901 | |a 0500099432 |b IT1 |c LIT |u 20250521 | ||
| 902 | |a https://opac.biblio.iteso.mx/vufind/Record/000165240 | ||